Halsey Charting Songs (Billboard Hot 100) - Statistics

General Stats
  • This quiz has been taken 234 times
    58 since last reset
  • The average score is 13 of 24
Answer Stats
Album Weeks On Peak Artist(s) Song % Correct
Collage EP 52 Weeks #1 (12 Weeks) The Chainsmokers ft. Halsey Closer
93%
hopeless fountain kingdom 33 Weeks #5 Halsey Bad At Love
91%
Manic 52 Weeks #1 (2 Weeks) Halsey Without Me
91%
FRIENDS KEEP SECRETS 52 Weeks #9 benny blanco, Halsey & Khalid Eastside
86%
The Beautiful & The Damned 20 Weeks #14 G-Eazy & Halsey Him & I
84%
Manic 18 Weeks #26 Halsey You should be sad
65%
Map of the Soul: Persona 8 Weeks #8 BTS ft. Halsey Boy with Luv
63%
Manic 20 Weeks #34 Halsey Graveyard
60%
hopeless fountain kingdom 20 Weeks #17 Halsey Now or Never
60%
hopeless fountain kingdom 1 Week #100 Halsey ft. Lauren Jauregui Strangers
60%
Non-Album Single 11 Weeks #15 Halsey Nightmare
58%
Hollywood's Bleeding 5 Weeks #20 Post Malone ft. Future & Halsey Die For Me
51%
BADLANDS 17 Weeks #60 Halsey New Americana
51%
Non-Album Single 15 Weeks #29 Marshmello & Halsey Be Kind
49%
hopeless fountain kingdom 14 Weeks #66 Halsey ft. Big Sean & Stefflon Don Alone
47%
The Great Impersonator 1 Week #88 Halsey Lucky
42%
Tickets to My Downfall 3 Weeks #44 Machine Gun Kelly ft. Halsey forget me too
40%
If I Can't Have Love, I Want Power 1 Week #64 Halsey I am not a woman, I'm a god
40%
Non-Album Single 16 Weeks #51 Halsey So Good
40%
Purpose 7 Weeks #31 Justin Bieber ft. Halsey The Feeling
37%
Kelsea 1 Week #95 Kelsea Ballerini x Halsey the other girl
35%
Fifty Shades Darker: Original Motion Picture Soundtrack 1 Week #77 Halsey Not Afraid Anymore
30%
Legends Never Die 6 Weeks #9 Juice WRLD & Halsey Life's a Mess
28%
Non-Album Single 1 Week #100 Halsey Die 4 Me
19%
No matching quizzes found
Score Distribution
Percent of People with Each Score
Percentile by Number Answered
Your Score History
You have not taken this quiz since the last reset